[Event "NCA-chT 1st Stage"]
[Site "Managua"]
[Date "2020.10.11"]
[Round "9.5"]
[White "Ramirez Altamirano, Laura Seline"]
[Black "Izaba, Rodolfo"]
[Result "0-1"]
[WhiteElo "1349"]
[BlackElo "1996"]
[PlyCount "92"]
[EventDate "2020.10.03"]
[EventType "team-swiss"]
[EventRounds "9"]
[EventCountry "NCA"]
[SourceTitle "EXT 2022"]
[Source "ChessBase"]
[SourceDate "2021.10.06"]
[SourceVersion "1"]
[SourceVersionDate "2021.10.06"]
[SourceQuality "1"]

1. e4 e5 2. Nf3 Nc6 3. Bc4 Be7 4. d4 d6 5. 0-0 Nf6 6. Re1 Bg4 7. d5 Nd4 8. Nbd2 0-0 9. c3 Nxf3+ 10. Nxf3 Nd7 11. Be3 a6 12. h3 Bxf3 13. Qxf3 Bg5 14. b4 Bxe3 15. Rxe3 a5 16. Rae1 Qh4 17. Qf5 Rfd8 18. Rg3 Qf4 19. Qxf4 exf4 20. Rg4 Ne5 21. Be2 Nxg4 22. Bxg4 axb4 23. Rc1 bxc3 24. Rxc3 Rxa2 25. Rxc7 b5 26. Bd7 b4 27. Rb7 g6 28. Bc6 Rb2 29. f3 Kg7 30. h4 Kf6 31. Kh2 Ra8 32. Rxb4 Rxb4 33. Bxa8 Ke5 34. Bc6 f5 35. exf5 Kxf5 36. Bd7+ Ke5 37. Be6 Rb2 38. Kh3 Rd2 39. Bg8 h6 40. Bf7 g5 41. hxg5 hxg5 42. Be6 Kd4 43. g3 Ke3 44. gxf4 Kxf4 45. Bf7 Kxf3 46. Be6 Kf4 0-1

[Event "NCA-chT 1st Stage"]
[Site "Managua"]
[Date "2020.10.10"]
[Round "6.17"]
[White "Berrios Vanegas, Yanko Antonio"]
[Black "Ramirez Altamirano, Laura Seline"]
[Result "0-1"]
[WhiteElo "1442"]
[BlackElo "1349"]
[PlyCount "82"]
[EventDate "2020.10.03"]
[EventType "team-swiss"]
[EventRounds "9"]
[EventCountry "NCA"]
[SourceTitle "EXT 2022"]
[Source "ChessBase"]
[SourceDate "2021.10.06"]
[SourceVersion "1"]
[SourceVersionDate "2021.10.06"]
[SourceQuality "1"]

1. e4 d5 2. e5 c5 3. Nf3 Nc6 4. h3 Bf5 5. Be2 Qc7 6. Bb5 e6 7. c3 Nge7 8. 0-0 a6 9. Bxc6+ Nxc6 10. Re1 Bd3 11. Re3 c4 12. b3 Bc5 13. Re1 Qb6 14. Re3 Bxe3 15. dxe3 0-0 16. Nbd2 Rfd8 17. bxc4 dxc4 18. Qa4 Qc7 19. Ne1 b5 20. Qa3 Nxe5 21. Ndf3 Nxf3+ 22. Nxf3 Bc2 23. Bb2 Rd1+ 24. Rxd1 Bxd1 25. Nd4 Qb6 26. Qe7 Qd8 27. Qc5 Rc8 28. Nc6 Qc7 29. Ne7+ Kh8 30. Qa3 Re8 31. Qxa6 Qxe7 32. Qxb5 Be2 33. a4 Rd8 34. a5 Qc7 35. f4 h6 36. a6 Rb8 37. Qa4 Qb6 38. Ba3 Qxe3+ 39. Kh1 Rb1+ 40. Kh2 Qxf4+ 41. g3 Qf2# 0-1

[Event "NCA-ch sf (Women)"]
[Site "Managua"]
[Date "2020.03.07"]
[Round "4"]
[White "Martinez Orozco, Cristiana Yorlene"]
[Black "Ramirez Altamirano, Laura Seline"]
[Result "1-0"]
[WhiteElo "1416"]
[BlackElo "1406"]
[PlyCount "67"]
[EventDate "2020.02.29"]
[EventType "swiss"]
[EventRounds "9"]
[EventCountry "NCA"]
[SourceTitle "CBM 195 Extra"]
[Source "ChessBase"]
[SourceDate "2020.05.31"]
[SourceVersion "1"]
[SourceVersionDate "2020.05.31"]
[SourceQuality "1"]

1. c4 Nf6 2. Nf3 d5 3. e3 Bf5 4. Nc3 e6 5. b3 Bb4 6. Bb2 0-0 7. Be2 Nc6 8. 0-0 Re8 9. d4 a6 10. cxd5 exd5 11. Rc1 Qe7 12. Na4 Ne4 13. Nc3 Nxc3 14. Bxc3 Bd6 15. Bd3 Bg4 16. h3 Bh5 17. Re1 Qf6 18. g4 Bg6 19. Bxg6 hxg6 20. Kg2 Kh7 21. Rh1 Rh8 22. h4 Kg8 23. Ng5 Qe7 24. Qf3 Rd8 25. Rce1 Bb4 26. Bxb4 Nxb4 27. a3 Nc2 28. Re2 Nxa3 29. e4 dxe4 30. Rxe4 Qd7 31. Rhe1 f6 32. Re7 Qd5 33. Qxd5+ Rxd5 34. Re8# 1-0

[Event "NCA-ch U20"]
[Site "Managua"]
[Date "2019.06.23"]
[Round "2.5"]
[White "Granados Ortiz, Maria Jose"]
[Black "Ramirez Altamirano, Laura Seline"]
[Result "1-0"]
[WhiteElo "1641"]
[BlackElo "1388"]
[PlyCount "85"]
[EventDate "2019.06.22"]
[EventType "swiss"]
[EventRounds "9"]
[EventCountry "NCA"]
[SourceTitle "EXT 2024"]
[Source "ChessBase"]
[SourceDate "2023.10.10"]
[SourceVersion "1"]
[SourceVersionDate "2023.10.10"]
[SourceQuality "1"]

1. e4 d5 2. exd5 Qxd5 3. Nc3 Qa5 4. d4 Nf6 5. Nf3 Bf5 6. h3 h6 7. Ne5 c6 8. Bd2 e6 9. g4 Bh7 10. Ne4 Qd8 11. Nxf6+ Qxf6 12. Be3 Bd6 13. f4 Qe7 14. Bd3 Bxe5 15. dxe5 Bxd3 16. Qxd3 Qb4+ 17. Kf2 Nd7 18. Rhd1 0-0-0 19. Qd4 Qxd4 20. Rxd4 b6 21. Rd6 c5 22. Rad1 Nb8 23. h4 Na6 24. a3 Nc7 25. Rxd8+ Rxd8 26. Rxd8+ Kxd8 27. h5 Nd5 28. g5 Ne7 29. b4 cxb4 30. axb4 Nf5 31. c4 g6 32. hxg6 fxg6 33. gxh6 Nxh6 34. Kf3 Nf5 35. Bf2 Kd7 36. Kg4 Ke7 37. Kg5 Kf7 38. b5 Ne7 39. c5 bxc5 40. Bxc5 Nc8 41. Kh6 Ne7 42. Bxe7 Kxe7 43. Kxg6 1-0

[Event "NCA-ch (Women) sf"]
[Site "Managua"]
[Date "2018.03.10"]
[Round "4"]
[White "Medrano Barrera, Jenny Ariadna"]
[Black "Ramirez Altamirano, Laura Seline"]
[Result "0-1"]
[WhiteElo "1181"]
[BlackElo "1407"]
[PlyCount "126"]
[EventDate "2018.03.03"]
[EventType "swiss"]
[EventRounds "9"]
[EventCountry "NCA"]
[SourceTitle "EXT 2019"]
[Source "ChessBase"]
[SourceDate "2018.10.10"]
[SourceVersion "1"]
[SourceVersionDate "2018.10.10"]
[SourceQuality "1"]

1. d4 d5 2. Nf3 Nf6 3. c4 c6 4. Nc3 e6 5. a3 Nbd7 6. e3 Bd6 7. Be2 e5 8. 0-0 0-0 9. c5 Bc7 10. Re1 e4 11. Nd2 Re8 12. f3 b6 13. b4 Qe7 14. f4 Nf8 15. Rf1 Ng6 16. f5 Nh4 17. Bg4 g6 18. Qe2 Nxg4 19. Qxg4 Bxf5 20. Rxf5 Nxf5 21. Nf1 Qh4 22. Qxh4 Nxh4 23. Ne2 Nf5 24. Bd2 a5 25. Neg3 Nxg3 26. hxg3 f5 27. Kf2 Kf7 28. Nh2 h5 29. Nf1 Kf6 30. Ra2 Kg5 31. Kg1 Kg4 32. Be1 axb4 33. Nh2+ Kg5 34. cxb6 Bxb6 35. Bxb4 Ba5 36. Bd6 Rac8 37. Bf4+ Kf6 38. Rc2 g5 39. Bd6 Bc7 40. Rxc6 Bxd6 41. Rxd6+ Re6 42. Rxd5 Ra8 43. Rc5 Rxa3 44. Nf1 Raa6 45. d5 Red6 46. Nd2 Ra8 47. g4 hxg4 48. Nc4 g3 49. Kf1 Rda6 50. Rc6+ Rxc6 51. dxc6 Rc8 52. Na5 Ke6 53. Ke2 Kd6 54. Nc4+ Kxc6 55. Ne5+ Kd5 56. Nf7 Rc2+ 57. Kf1 g4 58. Nh6 Ke5 59. Nf7+ Kf6 60. Nd6 Ke6 61. Nb5 Kd5 62. Na3 Ra2 63. Nb1 Ra1 0-1

[Event "NCA-ch (Women) sf"]
[Site "Managua"]
[Date "2018.03.03"]
[Round "1"]
[White "Alvarez Gutierrez, Patricia"]
[Black "Ramirez Altamirano, Laura Seline"]
[Result "1-0"]
[WhiteElo "1353"]
[BlackElo "1407"]
[PlyCount "63"]
[EventDate "2018.03.03"]
[EventType "swiss"]
[EventRounds "9"]
[EventCountry "NCA"]
[SourceTitle "EXT 2019"]
[Source "ChessBase"]
[SourceDate "2018.10.10"]
[SourceVersion "1"]
[SourceVersionDate "2018.10.10"]
[SourceQuality "1"]

1. d4 d5 2. Nf3 Nf6 3. e3 e6 4. Bd3 c5 5. b3 Nc6 6. Bb2 cxd4 7. exd4 Bd6 8. a3 0-0 9. Nbd2 Re8 10. Ne5 Qb6 11. Ndf3 Bxe5 12. dxe5 Ng4 13. 0-0 d4 14. Re1 Qc5 15. Bxh7+ Kxh7 16. Ng5+ Kg8 17. Qxg4 Qxc2 18. Bxd4 Nxd4 19. Qxd4 Qxb3 20. Red1 Qc2 21. Rac1 Qg6 22. Nf3 b6 23. Rc7 Ba6 24. Rdc1 Red8 25. Qh4 Qd3 26. h3 Qxa3 27. Ng5 Qd3 28. Nxf7 Qh7 29. Qxh7+ Kxh7 30. Nxd8 Rxd8 31. Rxa7 Bb5 32. Rb7 1-0